Statistics for Unique Words in Country Names

Click here to take the quiz!

General Stats

  • This quiz has been taken 26 times
  • The average score is 6 of 10

Answer Stats

WordCountryOfficial Name% Correct
DuchyLuxembourgGrand Duchy of Luxembourg
87%
SultanateOmanSultanate of Oman
87%
HashemiteJordanHashemite Kingdom of Jordan
74%
BolivarianVenezuelaBolivarian Republic of Venezuela
74%
DarussalamBruneiBrunei Darussalam
70%
ConfederationSwitzerlandSwiss Confederation
65%
PlurinationalBoliviaPlurinational State of Bolivia
39%
OrientalUruguayOriental Republic of Uruguay
35%
FederativeBrazilFederative Republic of Brazil
30%
Co-operativeGuyanaCo-operative Republic of Guyana
17%

Score Distribution

Percentile by Number Answered

Percent of People with Each Score

Your Score History

You have not taken this quiz